[Event "Twente Young Master op-B"]
[Site "Twente"]
[Date "2007.08.08"]
[Round "4"]
[White "Van Herck, Rob"]
[Black "De la Fonteijne, Frederik"]
[Result "1-0"]
[WhiteElo "1406"]
[BlackElo "1474"]
[PlyCount "53"]
[EventDate "2007.08.06"]
[EventType "swiss"]
[EventRounds "9"]
[EventCountry "NED"]
[SourceTitle "EXT 2008"]
[Source "ChessBase"]
[SourceDate "2007.11.25"]
[SourceVersion "1"]
[SourceVersionDate "2007.11.25"]
[SourceQuality "1"]

1. e4 e6 2. d4 d5 3. Nc3 Nf6 4. Bg5 h6 5. Bxf6 gxf6 6. a3 c5 7. dxc5 Bxc5 8. exd5 Qb6 9. Ne4 Qxb2 10. Nf3 exd5 11. Rb1 Qxa3 12. Nxf6+ Kf8 13. Nxd5 Qa5+ 14. Qd2 Bxf2+ 15. Kxf2 Qxd2+ 16. Nxd2 Nc6 17. Bd3 a5 18. Nb6 Rb8 19. Nxc8 Rxc8 20. Rxb7 Kg7 21. Nc4 Ra8 22. Ra1 a4 23. Nb6 a3 24. Nxa8 Rxa8 25. Be4 Ra6 26. Bxc6 Rxc6 27. Ra2 1-0